| 000 | 00416nam a2200145 a 4500 | ||
|---|---|---|---|
| 005 | 20140412111232.0 | ||
| 008 | 010522s19uu xx 00 eng d | ||
| 020 | _a0-7498-0587-0 | ||
| 050 |
_aTR(PS E _bFa22 1992 |
||
| 245 |
_aFarm animals / _cillustrated by Stan Freeman. |
||
| 260 |
_aManchester : _bWorld International Publishing Ltd, _c1992. |
||
| 300 | _a1v. (unp.) ; ill. | ||
| 650 | _aTitle | ||
| 999 |
_c102251 _d102251 |
||